000 00928nam a2200181Ia 4500
008 090630s9999 xx 000 0 und d
082 _b16404
100 _aहिवराळे सुखराम.
245 _aमुलांचे बाबासाहेब डॉ. भीमराव रामजी आंबेडकर भाग 8.
_cहिवराळे सुखराम.
260 _bप्रचार - कोल्हापूर.
300 _a0
600 _aहिवराळे सुखराम.
630 _aमुलांचे बाबासाहेब डॉ. भीमराव रामजी आंबेडकर भाग 8.
655 _aबालवाङमय.
700 _aहिवराळे सुखराम.
730 _aमुलांचे बाबासाहेब डॉ. भीमराव रामजी आंबेडकर भाग 8.
942 _cBOOK
999 _c268260
_d268260